[Event "IsBank TCh-TUR"]
[Site "Konya TUR"]
[Date "2010.06.30"]
[Round "2"]
[White "Isparta,Sevim"]
[Black "Soylemez,C"]
[Result "0-1"]
[WhiteElo "1605"]
[BlackElo "1935"]

1.e4 c5 2.Ne2 Nc6 3.Nbc3 Nf6 4.g3 d5 5.exd5 Nxd5 6.Bg2 e6 7.O-O Be7 8.d3 O-O
9.Re1 Nc7 10.Nf4 Nd4 11.Bd2 Rb8 12.Nfe2 b6 13.a4 Bb7 14.Bxb7 Rxb7 15.Nxd4 cxd4
16.Nb1 Nd5 17.Na3 Bd6 18.Qg4 Qf6 19.Nb5 Bc5 20.Re4 Qe7 21.Qe2 Qd7 22.Rh4 Nf6
23.Bg5 Qd5 24.Qd2 Nd7 25.Re1 Ne5 26.Rxe5 Qxe5 27.Bf4 Qd5 28.Rg4 f5 29.Rg5 e5  0-1

[Event "IsBank TCh-TUR"]
[Site "Konya TUR"]
[Date "2010.06.30"]
[Round "3"]
[White "Reyhan,D"]
[Black "Kinsiz,O"]
[Result "1/2-1/2"]
[WhiteElo "2325"]
[BlackElo "2219"]

1.e4 c5 2.Nf3 Nc6 3.Nc3 e5 4.Bc4 Be7 5.d3 Nf6 6.a4 d6 7.h3 O-O 8.O-O h6 9.Be3 Be6
10.Nd2 d5 11.exd5 Nxd5 12.Nxd5 Bxd5 13.Qh5 Qd7 14.f4 f5 15.fxe5 Nxe5 16.Bb5 Qe6
17.Rae1 Qg6 18.Qxg6 Nxg6 19.Bc4 Rad8 20.Bf2 b6 21.Bxd5+ Rxd5 22.Nc4 Bf6 23.b3 Bc3
24.Re6 Nf4 25.Re7 Rf7 26.Rxf7 Kxf7 27.Kh2 Ne6 28.Ne3 Re5 29.Nd1 Bd4 30.Bg3 Rd5
31.c4 Rd7 32.Rxf5+ Kg6 33.Rd5 Rf7 34.Rd6 Rf6 35.Nf2 Kf7 36.Ng4 Rf1 37.Ne5+ Kf6
38.Nf3 Be3 39.Rd7 g5 40.Be5+ Kg6 41.Rd6 Kf7 42.Rd7+ Kg6 43.Re7 Nf4 44.Rg7+ Kf5
45.Rf7+  1/2-1/2

[Event "IsBank TCh-TUR"]
[Site "Konya TUR"]
[Date "2010.06.30"]
[Round "3"]
[White "Savchenko,B"]
[Black "Arslan,Erda"]
[Result "1-0"]
[WhiteElo "2642"]
[BlackElo "2126"]

1.e4 c5 2.Nc3 Nc6 3.Nge2 g6 4.d4 cxd4 5.Nxd4 Bg7 6.Be3 Nf6 7.Bc4 d6 8.f3 O-O
9.Qd2 Bd7 10.O-O-O a6 11.Bb3 Rc8 12.Kb1 Na5 13.g4 Nc4 14.Bxc4 Rxc4 15.h4 Qc7
16.h5 Rc8 17.hxg6 hxg6 18.Nde2 Be6 19.Bh6 Nxe4 20.fxe4 Bxc3 21.Nxc3 f6 22.Be3 Rxc3
23.Qxc3 Qd7 24.Qd3  1-0

[Event "IsBank TCh-TUR"]
[Site "Konya TUR"]
[Date "2010.07.02"]
[Round "5"]
[White "Reyhan,D"]
[Black "Melia,S"]
[Result "1/2-1/2"]
[WhiteElo "2325"]
[BlackElo "2466"]

1.e4 c5 2.Nf3 Nc6 3.Nc3 d6 4.d4 cxd4 5.Nxd4 Nf6 6.Bc4 e6 7.Bb3 a6 8.Be3 Qc7
9.Qe2 Na5 10.g4 b5 11.g5 Nd7 12.Bxe6 fxe6 13.Nxe6 Qc4 14.Qxc4 Nxc4 15.Nc7+ Kd8
16.Nxa8 Nxe3 17.fxe3 Bb7 18.O-O Bxa8 19.Rf7 Ke8 20.Raf1 g6 21.h4 Be7 22.Nd5 Bxd5
23.exd5 Ne5 24.Rg7 a5 25.c3 h6 26.h5 hxg5 27.hxg6 Rf8 28.a4 Rxf1+ 29.Kxf1 Kf8
30.Rh7 Nc4 31.Rh8+ Kg7 32.Rh7+ Kf8  1/2-1/2

[Event "IsBank TCh-TUR"]
[Site "Konya TUR"]
[Date "2010.07.02"]
[Round "6"]
[White "Yeke,S"]
[Black "Atakisi,U"]
[Result "1-0"]
[WhiteElo "2321"]
[BlackElo "2384"]

1.e4 c5 2.Nc3 Nc6 3.Bb5 Nd4 4.Bc4 e6 5.Nge2 Nf6 6.d3 d5 7.Bb3 Nxb3 8.axb3 dxe4
9.Nxe4 Nxe4 10.dxe4 Qxd1+ 11.Kxd1 Bd7 12.c4 Bc6 13.f3 Be7 14.Be3 b6 15.Kc2 O-O
16.Rhd1 a5 17.Nc3 Rfd8 18.Bf4 Rxd1 19.Rxd1 Ra7 20.Bd6 Kf8 21.e5 Rd7 22.Bb8 Rb7
23.Bd6 Rd7 24.Bxe7+ Kxe7 25.Rxd7+ Kxd7 26.Kd3 f6 27.Ne4 f5 28.Nd6 h6 29.Ke3 a4
30.bxa4 Bxa4 31.h4 Kc7 32.Kf4 Bd7 33.h5 Kd8 34.g4 fxg4 35.fxg4 Ba4 36.Kg3 Be8
37.Kh4 Kd7 38.g5 Kd8 39.gxh6 gxh6 40.Ne4 Ba4 41.Nf6 Bb3 42.Ng4 Bxc4 43.Nxh6 Bd3
44.Kg5 c4 45.Nf7+ Kd7 46.Nd6 Kc6 47.Kf6 b5 48.h6 Kc5 49.Kxe6 b4 50.Nf5 c3
51.bxc3 Bxf5+ 52.Kxf5 b3 53.h7 b2 54.h8=Q b1=Q+ 55.Kf6 Qf1+ 56.Ke7 Qa6 57.Qb8 Kc4
58.Qb4+  1-0

[Event "HSG Open"]
[Site "Hilversum NED"]
[Date "2010.07.03"]
[Round "8"]
[White "Burton,G"]
[Black "Veldhuysen,K"]
[Result "1-0"]
[WhiteElo "2083"]
[BlackElo "2010"]

1.e4 c5 2.Nf3 Nc6 3.Nc3 e5 4.g3 Nf6 5.Bg2 Be7 6.d3 O-O 7.O-O d6 8.h3 Re8
9.Kh2 a6 10.a4 b6 11.Nh4 Ra7 12.f4 Nb4 13.Be3 Bf8 14.fxe5 dxe5 15.Nf5 g6
16.Nh6+ Kg7 17.Qd2 Qd6 18.Rf2 Be6 19.Raf1 Ng8 20.Nd5 Bxd5 21.exd5 Nxd5 22.Nxf7 Nxe3
23.Nxd6 Nxf1+ 24.Rxf1 Bxd6 25.Qc3 Rae7 26.Qc4 a5 27.Qb5 Bc7 28.Qc6 Rf8 29.Rxf8 Kxf8
30.Bd5 Kg7 31.Bxg8 Kxg8 32.Qf6 Rf7 33.Qe6 Kg7 34.Kg2 Rf6 35.Qd5 h5 36.Qe4 Rf7
37.Qc6 Re7 38.Kf3 Rf7+ 39.Ke4 Re7 40.Qd5 Kf8 41.Qa8+ Kg7 42.Qd5 Kf8 43.Qb7 Kf7
44.Qc8 Kg7 45.c3 Rf7 46.Qe6 Rf6 47.Qd7+ Rf7 48.Qc6 Re7 49.g4 hxg4 50.hxg4 Rf7
51.g5 Rf4+ 52.Ke3 Rf7 53.Qe6 Bd8 54.Qxe5+ Kh7 55.Qh2+ Kg8 56.Qh6 Re7+ 57.Kd2 Re6
58.Kc2 Be7 59.Kb3 Kf7 60.Qh7+ Kf8 61.Qh3 Rd6 62.Qf3+ Ke8 63.Qf4 Kd8 64.Kc4 Kc8
65.Qe5 Kd7 66.Qg7 Ke8 67.Qe5 Kd7 68.d4 cxd4 69.cxd4 Rc6+ 70.Kd3 Bb4 71.d5 Rd6
72.Qg7+ Ke8 73.Ke4 Kd8 74.Ke5 Ke8 75.Qc7  1-0

[Event "XXXIII Open"]
[Site "Barbera del Valles ESP"]
[Date "2010.07.04"]
[Round "1"]
[White "Grafl,F"]
[Black "Do Santos Julio,J"]
[Result "1-0"]
[WhiteElo "2416"]
[BlackElo "2122"]

1.e4 c5 2.Nc3 Nc6 3.Bb5 a6 4.Bxc6 dxc6 5.d3 g6 6.Be3 Qa5 7.Ne2 Bg7 8.O-O Nf6
9.h3 O-O 10.f4 Nd7 11.f5 b5 12.a3 Qc7 13.Qd2 Re8 14.Rf2 b4 15.Na4 Qa5 16.axb4 cxb4
17.Rff1 Qb5 18.Nd4 Qb7 19.Nb3 Qb5 20.Qf2 Rf8 21.Nb6 Nxb6 22.Ra5 Nc4 23.Rxb5 Nxe3
24.Rxb4 Nxf1 25.Kxf1 Bxb2 26.g4 Bc3 27.Rc4 Bf6 28.Nc5 Rd8 29.Qf4 e5 30.Qd2 Be7
31.Qa5 Rd4 32.Rxd4 exd4 33.Na4 Kf8 34.Qc7 c5 35.Nb6  1-0

[Event "9th Open"]
[Site "La Fere FRA"]
[Date "2010.07.04"]
[Round "2"]
[White "Billon,O"]
[Black "Molet,A"]
[Result "1-0"]
[WhiteElo "2129"]
[BlackElo "1830"]

1.e4 c5 2.Nf3 Nc6 3.Nc3 e5 4.Bc4 Be7 5.d3 Nf6 6.Ng5 O-O 7.f4 d6 8.O-O exf4
9.Bxf4 Ne5 10.Bb3 h6 11.Nf3 Bg4 12.Qd2 Nxf3+ 13.gxf3 Be6 14.Kh1 Kh7 15.Rg1 Nh5
16.Be3 g5 17.Nd5 Bxd5 18.Bxd5 Qd7 19.Qg2 Bf6 20.Qg4 Qxg4 21.Rxg4 Be5 22.Rg2 Nf4
23.Bxf4 Bxf4 24.Bxb7 Rab8 25.Bd5 Kg7 26.c3 f5 27.Re2 Rbe8 28.h3 Kf6 29.Rb1 a5
30.a3 Re7 31.b4 axb4 32.cxb4 cxb4 33.axb4 Rc7 34.b5 Rfc8 35.b6 Rc1+ 36.Rxc1 Rxc1+
37.Kg2 Rb1 38.b7 Be5 39.Ra2 f4 40.Ra8  1-0

[Event "Heart of Finland"]
[Site "Jyvaskyla FIN"]
[Date "2010.07.05"]
[Round "1"]
[White "Tonteri,A"]
[Black "Agopov,M"]
[Result "0-1"]
[WhiteElo "1990"]
[BlackElo "2436"]

1.e4 c5 2.Nf3 Nc6 3.Nc3 g6 4.d4 cxd4 5.Nxd4 Bg7 6.Be3 Nf6 7.Bc4 Qa5 8.O-O d6
9.h3 O-O 10.Bb3 Bd7 11.f4 Rac8 12.Qf3 Nxd4 13.Bxd4 Bc6 14.Rad1 b5 15.Nd5 Bxd5
16.exd5 Nd7 17.Bxg7 Kxg7 18.Qe4 Rfe8 19.f5 Ne5 20.Qf4 Qb6+ 21.Kh1 a5 22.a4 b4
23.Rde1 f6 24.fxg6 hxg6 25.Re4 Rh8 26.Rfe1 Rh5 27.Qe3 Qb8 28.Qe2 Rch8 29.Bc4 Qc8
30.Kg1 Rh4 31.Bb5 Qc5+ 32.Qf2 Rxe4 33.Rxe4 Qxd5 34.Qe3 Qd1+ 35.Qe1 Qxc2 36.Rc4 Qd3
37.Rh4 Qd5 38.Re4 Rxh3 39.Rxe5 Qd4+ 40.Qf2 Rh1+  0-1

[Event "9th Open"]
[Site "La Fere FRA"]
[Date "2010.07.05"]
[Round "3"]
[White "Ben Porat,Tal"]
[Black "Thomas,O"]
[Result "0-1"]
[WhiteElo "1849"]
[BlackElo "2060"]

1.e4 c5 2.Ne2 Nc6 3.Nbc3 e6 4.g3 g6 5.Bg2 Bg7 6.d3 d6 7.Be3 Rb8 8.Qd2 b5
9.O-O Nd4 10.Nd1 Ne7 11.c3 Nxe2+ 12.Qxe2 b4 13.Qd2 bxc3 14.bxc3 Ba6 15.Rc1 Qa5
16.c4 Qa3 17.f4 O-O 18.g4 f5 19.exf5 exf5 20.g5 Bb7 21.Bxb7 Rxb7 22.d4 cxd4
23.Bxd4 Bxd4+ 24.Qxd4 Qxc1 25.Qxd6 Qxc4  0-1

[Event "Heart of Finland"]
[Site "Jyvaskyla FIN"]
[Date "2010.07.06"]
[Round "2"]
[White "Sipila,V"]
[Black "Kanep,M"]
[Result "0-1"]
[WhiteElo "2198"]
[BlackElo "2526"]

1.e4 c5 2.Nf3 Nc6 3.Nc3 e6 4.Bb5 Nge7 5.O-O a6 6.Bxc6 Nxc6 7.d4 cxd4 8.Nxd4 d6
9.Nxc6 bxc6 10.Qg4 h5 11.Qe2 Be7 12.f4 h4 13.Be3 O-O 14.Qh5 f5 15.Rad1 Bd7
16.Rd3 Be8 17.Qf3 Bg6 18.e5 d5 19.Qf2 Rb8 20.Na4 Rf7 21.Rc3 Rb4 22.b3 Re4
23.Rxc6 d4 24.Bc1 Bh5 25.Re1 h3 26.Nb6 Bh4 27.g3 Rxe1+ 28.Qxe1 Rc7 29.Rxc7 Qxc7
30.gxh4 Qxb6 31.Qf2 Qa5 32.a3 Qc3 33.Qd2 Qf3 34.Bb2 Be8 35.Bxd4 Bc6 36.Be3 Qh1+
37.Kf2 Qxh2+ 38.Kf1 Qxd2 39.Bxd2 h2 40.Kf2 h1=Q 41.Kg3 Qg2+  0-1

[Event "ch-Paris Int"]
[Site "Paris FRA"]
[Date "2010.07.06"]
[Round "4"]
[White "Al Modiahki,M"]
[Black "Bernard,Ch"]
[Result "1/2-1/2"]
[WhiteElo "2566"]
[BlackElo "2356"]

1.e4 c5 2.Nc3 Nc6 3.Nf3 d6 4.d4 cxd4 5.Nxd4 Nf6 6.Bg5 e6 7.Qd2 a6 8.O-O-O Bd7
9.f4 h6 10.Bh4 g5 11.fxg5 Ng4 12.Nxc6 Bxc6 13.Be2 Ne5 14.Kb1 Be7 15.Bg3 hxg5
16.Rhf1 b5 17.Bxe5 dxe5 18.Bh5 O-O 19.Qe3 Qc7 20.Nd5 exd5 21.exd5 Rad8 22.dxc6 Rxd1+
23.Rxd1 Qxc6 24.Qxe5 Bf6 25.Qd6 Qxd6 26.Rxd6 Re8 27.a3 Re6 28.Rxe6 fxe6 29.b4 Bc3
30.Ka2 Kf8 31.Kb3 Bd2 32.Bf3 Ke7 33.Bb7 Kd6 34.Bxa6 Kc6 35.Bc8 e5 36.Bf5 Be3
37.Be4+ Kd6 38.a4 bxa4+ 39.Kxa4 Bg1 40.h3  1/2-1/2

[Event "Heart of Finland"]
[Site "Jyvaskyla FIN"]
[Date "2010.07.07"]
[Round "4"]
[White "Kulaots,K"]
[Black "Seeman,T"]
[Result "1-0"]
[WhiteElo "2589"]
[BlackElo "2425"]

1.e4 c5 2.Nf3 Nc6 3.Nc3 d6 4.d4 cxd4 5.Nxd4 Nf6 6.Bg5 Bd7 7.Qd2 h6 8.Bxf6 gxf6
9.Nf5 h5 10.a3 Rc8 11.Bb5 a6 12.Ba4 b5 13.Bb3 Na5 14.O-O Nxb3 15.cxb3 h4
16.Nd5 h3 17.g3 Rh5 18.Ndxe7 Qxe7 19.Nxe7 Bxe7 20.Rac1 Rcc5 21.b4 Rxc1 22.Rxc1 Re5
23.Qd4 f5 24.Re1 Bc6 25.Qc3 Bxe4 26.f3 Bb7 27.Rxe5 dxe5 28.Kf2 f6 29.Qc7 Bd5
30.Qc8+ Kf7 31.Qxf5  1-0

[Event "IsBank TCh-TUR"]
[Site "Konya TUR"]
[Date "2010.07.07"]
[Round "11"]
[White "Soysal,I"]
[Black "Baglan,E"]
[Result "0-1"]
[WhiteElo "1676"]
[BlackElo "1800"]

1.e4 c5 2.Nf3 Nc6 3.Nc3 g6 4.d4 cxd4 5.Nxd4 Bg7 6.Be3 Nf6 7.Bc4 O-O 8.Bb3 d6
9.f3 Bd7 10.Qd2 Qa5 11.h4 h5 12.g4 Bxg4 13.Rg1 Kh7 14.fxg4 Nxg4 15.Rxg4 hxg4
16.h5 Qxh5 17.Nxc6 Qh1+ 18.Ke2 Qg2+ 19.Kd3 Qxd2+ 20.Kxd2 bxc6 21.Rh1+ Kg8
22.Rh4 Bf6 23.Rh1 e6 24.Ne2 c5 25.Nf4 Kg7 26.Nxe6+ fxe6 27.Bh6+ Kf7 28.Bxf8 Rxf8
29.Rh7+ Bg7 30.Ke2 Kf6 31.Bxe6 Kxe6 32.Rxg7 Kf6 33.Rd7 Kg5 34.Rxd6 g3 35.Rd5+ Kg4
36.Rd6 g5  0-1

[Event "XXXIII Open"]
[Site "Barbera del Valles ESP"]
[Date "2010.07.08"]
[Round "5"]
[White "Vehi Bach,V"]
[Black "Randazzo,A"]
[Result "1/2-1/2"]
[WhiteElo "2405"]
[BlackElo "2243"]

1.e4 c5 2.Nc3 Nc6 3.Nge2 g6 4.d4 cxd4 5.Nxd4 Bg7 6.Be3 Nf6 7.Bc4 O-O 8.Bb3 a5
9.O-O a4 10.Nxa4 Nxe4 11.c4 d6 12.Nb5 Nc5 13.Nxc5 dxc5 14.Bxc5 Bxb2 15.Rb1 Qxd1
16.Rfxd1 Be5 17.Re1 Bf5 18.Rbd1 f6 19.g3 g5 20.Nd4 Nxd4 21.Bxd4 Bg4 22.Rd2 Rfd8
23.Be3 Bc3 24.Rxd8+ Rxd8 25.Rc1 Bd2  1/2-1/2

[Event "85th ch-ARG"]
[Site "Buenos Aires ARG"]
[Date "2010.07.08"]
[Round "4"]
[White "Lezcano,G"]
[Black "Dos Santos,R"]
[Result "0-1"]
[WhiteElo "2177"]
[BlackElo "2442"]

1.e4 c5 2.Nc3 Nc6 3.Bb5 g6 4.Bxc6 bxc6 5.d4 Bg7 6.dxc5 Qa5 7.Ne2 Qxc5 8.Be3 Qa5
9.Qd2 Ba6 10.O-O Nf6 11.Rfd1 O-O 12.Bg5 Bxe2 13.Bxf6 Bxd1 14.Bxg7 Kxg7 15.Rxd1 Rab8
16.b3 d6 17.h3 Qc5 18.Ne2 Qe5 19.Nd4 Rfc8 20.Re1 Kg8 21.c4 Qf6 22.Nf3 a5
23.e5 dxe5 24.Qxa5 Ra8 25.Qxe5 Qxe5 26.Rxe5 e6 27.a4 Rd8 28.Re3 Rd1+ 29.Kh2 c5
30.Ne5 Rb8 31.Nc6 Rb6 32.Na5 Rd7 33.Re5 Rc7 34.f3 Ra6 35.b4 cxb4 36.Rb5 Rca7
37.Nb3 Rxa4 38.c5 Rc7 39.Kg3 Kg7 40.Kf4 Kf6 41.g4 g5+ 42.Ke4 Ra2 43.Rxb4 Rh2
44.Rb6 Rxh3 45.c6 h5 46.Nd4 hxg4 47.Nb5 Rc8 48.Nd6 g3 49.Nxc8 g2 50.Rb1 Rh1  0-1

[Event "IsBank TCh-TUR"]
[Site "Konya TUR"]
[Date "2010.07.08"]
[Round "13"]
[White "Ersoz,B"]
[Black "Yuksel,G"]
[Result "1/2-1/2"]
[WhiteElo "1764"]
[BlackElo "1825"]

1.e4 c5 2.Nf3 Nc6 3.Nc3 d6 4.Bc4 g6 5.O-O Bg7 6.d3 Nf6 7.h3 O-O 8.Be3 a6
9.a4 Qc7 10.Ba2 Rd8 11.Bg5 Nb4 12.Qe2 h6 13.Bf4 e5 14.Bg3 Nxa2 15.Nxa2 Be6
16.c4 Nh5 17.Nd2 Qd7 18.Nc3 Rab8 19.Rfb1 a5 20.b3 Qe8 21.Bh2 f5 22.Rd1 f4
23.Rab1 g5 24.Nd5 Qf7 25.Rf1 Nf6 26.Nxf6+ Bxf6 27.f3 Qg6 28.Kf2 Kf7 29.Ke1 h5
30.Kd1 Rh8 31.Kc2 g4 32.hxg4 hxg4 33.Bg1 Rbg8 34.Bf2 Rh2 35.Rg1 b6 36.Rbf1 Qh5
37.Qd1 gxf3 38.gxf3 Bh3 39.Rxg8 Bxf1 40.Rg1 Bg2 41.Kc1 Ke7 42.Qe2 Kd7 43.Re1 Bh1
44.Rf1 Bh4 45.Qe1 Bxf2 46.Rxf2 Qh4 47.Re2 Qg3 48.Qxg3 fxg3 49.Rxh2 gxh2 50.Nf1 Bxf3
51.Nxh2 Bh5 52.Kd2 Ke6 53.Nf1 Kf6 54.Ne3 Bf7 55.Nf5 Ke6 56.Ne3 Kd7 57.Kc3 Be6
58.Kd2 Ke7 59.Nc2  1/2-1/2

[Event "IsBank TCh-TUR"]
[Site "Konya TUR"]
[Date "2010.07.08"]
[Round "13"]
[White "Firat,B"]
[Black "Burneckas,Y"]
[Result "1-0"]
[WhiteElo "2403"]
[BlackElo "1946"]

1.e4 c5 2.Nf3 Nc6 3.Nc3 g6 4.d4 cxd4 5.Nxd4 Bg7 6.Be3 d6 7.Qd2 Nf6 8.f3 O-O
9.O-O-O Bd7 10.h4 h5 11.Nd5 Re8 12.Nxf6+ Bxf6 13.g4 Qa5 14.Qxa5 Nxa5 15.gxh5 gxh5
16.Nb5 Bxb5 17.Bxb5 Rec8 18.Bd7 Rc7 19.Rhg1+ Kh8 20.Rd5 e5 21.Rxd6 Bg7 22.Bf5 Rg8
23.Rg5 Re8 24.Rxh5+ Kg8 25.Bh6 Nc4 26.Bxg7 Kxg7 27.Rg5+ Kf8 28.Rd3 Ke7 29.Bg4 Rh8
30.b3 Nd6 31.Rxe5+ Kf6 32.Red5  1-0

[Event "9th Open"]
[Site "La Fere FRA"]
[Date "2010.07.08"]
[Round "7"]
[White "Ben Porat,Tal"]
[Black "Billon,O"]
[Result "0-1"]
[WhiteElo "1849"]
[BlackElo "2129"]

1.e4 c5 2.Ne2 Nc6 3.Nbc3 Nf6 4.g3 d5 5.exd5 Nd4 6.Bg2 Bg4 7.O-O Nxd5 8.f3 Bf5
9.Nxd4 cxd4 10.Nxd5 Qxd5 11.f4 Qd7 12.Qf3 Rc8 13.Qxb7 Qxb7 14.Bxb7 Rxc2 15.Ba6 h5
16.d3 h4 17.Rf2 Rxf2 18.Kxf2 hxg3+ 19.hxg3 Rh2+ 20.Kg1 Rc2 21.Bc4 e6 22.a3 a5
23.b3 Bc5 24.Rb1 Ke7 25.Ra1 Kf6 26.b4 axb4 27.a4 Bb6 28.Rb1 Rxc4  0-1

[Event "38th TCh-GRE DivA"]
[Site "Peristeri GRE"]
[Date "2010.07.08"]
[Round "4"]
[White "Petraki,M"]
[Black "Markantonaki,H"]
[Result "1-0"]
[WhiteElo "2067"]
[BlackElo "2129"]

1.e4 c5 2.Nc3 Nc6 3.Bb5 Nd4 4.Bc4 e6 5.Nge2 Nf6 6.O-O a6 7.d3 b5 8.Bb3 Nxb3
9.axb3 Bb7 10.Bg5 h6 11.Bd2 Be7 12.f4 Qb6 13.e5 Qc6 14.Rf3 Nd5 15.Ne4 f5
16.c4 fxe4 17.cxd5 exd5 18.dxe4 dxe4 19.Rg3 O-O-O 20.Be3 d5 21.Rc1 Kb8 22.Nd4 Qb6
23.f5 Rc8 24.Rg6 Qa7 25.Nxb5 axb5 26.Ra1 Bg5 27.Bxg5 Qxa1 28.Qxa1 hxg5 29.Rxg7 Rc7
30.Rxg5 e3 31.f6 d4 32.Qf1 c4 33.f7 Rcc8 34.bxc4 bxc4 35.e6 Bc6 36.Qxc4 Bb7
37.Rc5 e2 38.Kf2 Rcf8 39.Qxd4 Rd8 40.Qf4+ Ka7 41.Ra5+ Kb6 42.Qb4+ Kc7 43.Qc5+  1-0

[Event "85th ch-ARG"]
[Site "Buenos Aires ARG"]
[Date "2010.07.09"]
[Round "5"]
[White "Garbarino,R"]
[Black "Barrionuevo,P"]
[Result "0-1"]
[WhiteElo "2350"]
[BlackElo "2337"]

1.e4 c5 2.Nf3 Nc6 3.Nc3 g6 4.Bb5 Nd4 5.Ba4 Bg7 6.O-O Nh6 7.d3 O-O 8.Nxd4 cxd4
9.Ne2 e5 10.c3 dxc3 11.Nxc3 d6 12.Bb3 Kh8 13.f3 f5 14.Be3 Bd7 15.Qd2 f4 16.Bf2 g5
17.h3 Qf6 18.Nd5 Qg6 19.Nc7 Rac8 20.Rac1 b6 21.Nd5 Qh5 22.Rxc8 Bxc8 23.Ne7 Bd7
24.Rc1 g4 25.Rc7 Qe8 26.Bh4 gxf3 27.gxf3 Bf6 28.Bxf6+ Rxf6 29.Nd5 Rg6+ 30.Kf2 Qd8
31.Qe1 Qh4+ 32.Ke2 Rg2+ 33.Kd1 Qxh3 34.Rxd7 Qxd7 35.Qh4 Rg1+ 36.Kd2 Qg7 37.Qd8+ Ng8
38.Kc3 Rg6 39.Nc7 Qe7 40.Qc8 d5 41.Bxd5 Qc5+ 42.Kb3 Rg7 43.Bxg8 Qxc7  0-1

[Event "ch-IRL"]
[Site "Dublin IRL"]
[Date "2010.07.09"]
[Round "7"]
[White "Wallace,P"]
[Black "Delaney,J"]
[Result "0-1"]
[WhiteElo "2242"]
[BlackElo "2210"]

1.e4 c5 2.Nc3 Nc6 3.Nf3 Nf6 4.d4 cxd4 5.Nxd4 e5 6.Ndb5 d6 7.Bg5 a6 8.Na3 b5
9.Bxf6 gxf6 10.Nd5 f5 11.c3 Bg7 12.exf5 Bxf5 13.Nc2 O-O 14.Nce3 Be4 15.a4 Bxd5
16.Nxd5 b4 17.cxb4 e4 18.Be2 f5 19.O-O Kh8 20.Rc1 Nd4 21.Rc4 Ne6 22.Qd2 Ra7
23.f4 Rg8 24.Qe3 Rf7 25.Bh5 Rd7 26.Qh3 Bd4+ 27.Kh1 Rdg7 28.g3 Rf8 29.Rd1 Bxb2
30.Ne3 Qd7 31.Rd5 Nxf4 32.gxf4 Rfg8 33.Rd1 Qxa4 34.Qf1 Qb3 35.Nxf5 Rg2 36.Rcd4 Qh3
37.Qg1 Qxh5  0-1

[Event "9th Open"]
[Site "La Fere FRA"]
[Date "2010.07.09"]
[Round "8"]
[White "Billon,O"]
[Black "Fomichenko,S"]
[Result "1/2-1/2"]
[WhiteElo "2129"]
[BlackElo "2217"]

1.e4 c5 2.Nf3 Nc6 3.Nc3 e5 4.Bc4 Be7 5.d3 d6 6.O-O Nf6 7.Ng5 O-O 8.f4 exf4
9.Bxf4 h6 10.Nf3 a6 11.a4 Nb4 12.Nd5 Nbxd5 13.exd5 Rb8 14.a5 b5 15.axb6 Qxb6
16.d4 Bb7 17.Nh4 Bc8 18.Qe1 Qxb2 19.c3 Qb7 20.Bd3 cxd4 21.Rb1 Qa7 22.Rxb8 dxc3+
23.Kh1 Qxb8 24.Qxe7 Re8 25.Bxd6 Rxe7 26.Bxb8 Nxd5 27.Nf3 Bb7 28.h3 Re8 29.Be5 Nb4
30.Bc4 Bxf3 31.Bxf7+ Kxf7 32.Bxc3 Nd5 33.Rxf3+ Kg8 34.Bd4 Re4 35.Bb2 a5 36.Rd3 Nf4
37.Rd8+ Kh7 38.Rd7 Ne6 39.Re7 Rb4 40.Bc3 Rb1+ 41.Kh2 Rc1 42.Bxa5 Nd4 43.Bb6 Nf5  1/2-1/2

[Event "38th TCh-GRE DivA"]
[Site "Peristeri GRE"]
[Date "2010.07.09"]
[Round "5"]
[White "Serntedakis,A"]
[Black "Pavlidou,E"]
[Result "1/2-1/2"]
[WhiteElo "1906"]
[BlackElo "2182"]

1.e4 c5 2.Nc3 Nc6 3.Bb5 Nd4 4.Bc4 g6 5.Nf3 Bg7 6.Nxd4 cxd4 7.Qf3 Nh6 8.Ne2 O-O
9.d3 a6 10.O-O Kh8 11.h3 b5 12.Bd5 Rb8 13.Nxd4 e6 14.Bb3 Bb7 15.Qe3 f5 16.f4 fxe4
17.dxe4 e5 18.fxe5 Rxf1+ 19.Kxf1 Bxe5 20.c3 Qf6+ 21.Nf3 Nf7 22.Kg1 Bc7 23.Bxf7 Bb6
24.Nd4 Qxf7 25.Qf4 Qxf4 26.Bxf4 Rc8 27.Re1 b4 28.Be5+ Kg8 29.cxb4 Rc4 30.Rd1 d6
31.Bf6 Bxe4 32.Kh2 Rxb4 33.b3 d5 34.Be5 Bxd4 35.Bxd4 Kf7 36.Rf1+ Ke6 37.Rf6+ Ke7
38.Bc5+ Kxf6 39.Bxb4 Ke5 40.Kg3 Kd4 41.Kf2 Bb1 42.a4 Kd3 43.a5 Bc2 44.g3 Bxb3
45.h4 Bd1 46.Ke1 Bh5 47.Bd2 d4 48.Bc1 Kc2  1/2-1/2

[Event "Int ch-SVK OpenA"]
[Site "Banska Stiavnica SVK"]
[Date "2010.07.10"]
[Round "1"]
[White "Leniart,A"]
[Black "Mrvova,A"]
[Result "1-0"]
[WhiteElo "2423"]
[BlackElo "2262"]

1.e4 c5 2.Nc3 Nc6 3.Nge2 e5 4.g3 Nf6 5.Bg2 Be7 6.O-O O-O 7.f4 exf4 8.Nxf4 d6
9.d3 Nd4 10.h3 Ne6 11.Be3 Nxf4 12.gxf4 Ne8 13.Nd5 Nc7 14.Nxe7+ Qxe7 15.f5 f6
16.d4 c4 17.Bf4 Bd7 18.Qd2 a5 19.Qc3 Bb5 20.a4 Ba6 21.Qxa5 c3 22.Qxc3 Bxf1
23.Rxf1 Na6 24.b4 Rac8 25.Qb3+ Kh8 26.b5 Nb8 27.Qd5 Rfd8 28.c4 Qc7 29.c5 Qa5
30.Bxd6 Qxa4 31.e5 Qxb5 32.Qxb7 Qd3 33.Qe4 Qd2 34.exf6 gxf6 35.Be7 Nd7 36.c6  1-0

[Event "9th Open"]
[Site "La Fere FRA"]
[Date "2010.07.10"]
[Round "9"]
[White "Daniel,A"]
[Black "Bardoux,T"]
[Result "0-1"]
[WhiteElo "1863"]
[BlackElo "2169"]

1.e4 c5 2.Nc3 Nc6 3.Nge2 g6 4.g3 Bg7 5.Bg2 e6 6.d3 Nge7 7.Be3 Nd4 8.O-O O-O
9.f4 Rb8 10.a4 a6 11.e5 d6 12.Nxd4 cxd4 13.Bxd4 Nf5 14.Ba7 Ra8 15.Bf2 dxe5
16.fxe5 Bxe5 17.Ne2 Bxb2 18.Rb1 Bg7 19.Bxb7 Bxb7 20.Rxb7 Qd6 21.Qd2 Rfb8
22.Rfb1 Rxb7 23.Rxb7 Rb8 24.Rxb8+ Qxb8 25.c4 Qb3 26.a5 h5 27.Bb6 Bh6 28.Qc3 Qd1+
29.Kf2 Bd2 30.Qe5 Qe1+ 31.Kg2 Ne3+ 32.Bxe3 Qxe2+  0-1

[Event "Int ch-SVK OpenA"]
[Site "Banska Stiavnica SVK"]
[Date "2010.07.11"]
[Round "2"]
[White "Petrik,T"]
[Black "Leniart,A"]
[Result "1/2-1/2"]
[WhiteElo "2532"]
[BlackElo "2423"]

1.e4 c5 2.Nf3 Nc6 3.Nc3 Nf6 4.Bb5 Nd4 5.e5 Nxb5 6.Nxb5 Nd5 7.Ng5 h6 8.Nxf7 Kxf7
9.Qf3+ Nf6 10.exf6 exf6 11.Qd5+ Kg6 12.O-O d6 13.d4 Bd7 14.Nc3 Bc6 15.Qc4 d5
16.Qe2 c4 17.Re1 Qd7 18.Bd2 Bd6 19.h4 h5 20.Qe6 Qxe6 21.Rxe6 Rad8 22.Rae1 Kf7
23.Kf1 Rhe8 24.Rxe8 Rxe8 25.Rxe8 Kxe8 26.Ne2 Ba4 27.Bf4 Be7 28.c3 Bd1 29.Ng3 g6
30.Ke1 Bc2 31.Nf1 Bf5 32.Ne3 Be6 33.f3 a6 34.Kf2 b5 35.g4 g5 36.hxg5 fxg5
37.Bc7 hxg4 38.fxg4 Kd7 39.Be5 b4 40.cxb4 Bxb4 41.Ke2 Be7 42.Kf3 Bb4 43.Bf6 Bd2
44.Bxg5 Bc1 45.b3 cxb3 46.axb3 Bg8 47.Bh4 Bxe3 48.Kxe3 Bh7 49.Kd2 Ke6 50.Kc3 Be4
51.Bd8 Bf3 52.g5 Kf5 53.Kc2 Be4+ 54.Kd2 Bf3 55.Bf6 Be4 56.Kc3 Bf3 57.Kb4 Bd1
58.Be7 Bc2 59.Bd8 Bd1  1/2-1/2

[Event "7th South Wales Int"]
[Site "Treforest WLS"]
[Date "2010.07.13"]
[Round "6"]
[White "Harley Yeo,G"]
[Black "Pleasants,A"]
[Result "0-1"]
[WhiteElo "2024"]
[BlackElo "2032"]

1.e4 c5 2.Nc3 Nc6 3.Bb5 Nd4 4.Bc4 e6 5.Nge2 a6 6.d3 b5 7.Bb3 Nxb3 8.axb3 Bb7
9.O-O Nf6 10.f4 Qc7 11.Ng3 Be7 12.Be3 Qc6 13.Rf2 h5 14.h3 h4 15.Nf1 d5 16.exd5 exd5
17.d4 c4 18.Nd2 Bc8 19.Nf3 Bf5 20.Ne5 Qb7 21.Ne2 Ne4 22.Rf1 f6 23.Nf3 Qd7
24.Kh2 g5 25.Nfg1 Bd6 26.Nc3 Nxc3 27.bxc3 g4 28.Qd2 Kf7 29.b4 Rhg8 30.hxg4 Rxg4
31.Rae1 Rag8 32.Re2 Be4 33.Rff2 Qf5 34.Nh3 Rg3 35.Qc1 Qg4 36.Qf1 Rxh3+ 37.Kg1 Qg3  0-1

[Event "Aegean Open"]
[Site "Agios Kirykos GRE"]
[Date "2010.07.14"]
[Round "2"]
[White "Petraki,M"]
[Black "Lemonis,Kyriakos"]
[Result "1-0"]
[WhiteElo "2067"]
[BlackElo "1481"]

1.e4 c5 2.Nc3 Nc6 3.Bb5 d6 4.Bxc6+ bxc6 5.d3 Nf6 6.f4 Bg4 7.Nf3 e6 8.O-O Be7
9.Qe1 Qc7 10.e5 Nd5 11.exd6 Bxd6 12.Qg3 Bxf3 13.Rxf3 O-O-O 14.Ne4 Rdg8 15.Qf2 Qe7
16.b3 f6 17.c4 Nb6 18.b4 Nd7 19.Nxd6+ Qxd6 20.bxc5 Qxc5 21.Be3 Qa5 22.d4 Nb6
23.Rc1 Rd8 24.Qc2 f5 25.Rff1 Qa4 26.Qe2 Rd7 27.Bf2 Re8 28.d5 Qa5 29.Qe5 Rde7
30.Qd6 exd5 31.Qxc6+ Kb8 32.Bc5 Rc7 33.Bd6 Rc8 34.cxd5 Nxd5 35.Rb1+ Nb6 36.Rfc1  1-0

[Event "85th ch-ARG"]
[Site "Buenos Aires ARG"]
[Date "2010.07.15"]
[Round "10"]
[White "Garbarino,R"]
[Black "Alonso,S"]
[Result "1/2-1/2"]
[WhiteElo "2350"]
[BlackElo "2490"]

1.e4 c5 2.Nf3 Nc6 3.Nc3 g6 4.Bb5 Bg7 5.O-O d6 6.e5 dxe5 7.Bxc6+ bxc6 8.Re1 Qc7
9.d3 Bg4 10.h3 Bxf3 11.Qxf3 Rd8 12.Be3 Nh6 13.Bxc5  1/2-1/2

[Event "Corporation Centre Cup"]
[Site "Izhevsk RUS"]
[Date "2010.07.15"]
[Round "1"]
[White "Predke,A"]
[Black "Morozkin,Nikita"]
[Result "1-0"]
[WhiteElo "2425"]
[BlackElo "2124"]

1.e4 c5 2.Nf3 Nc6 3.Nc3 Nd4 4.Bc4 e6 5.O-O a6 6.Re1 Ne7 7.Nxd4 cxd4 8.Ne2 b5
9.Bb3 Nc6 10.d3 Bb7 11.f4 Be7 12.Kh1 O-O 13.Rf1 Kh8 14.c3 dxc3 15.bxc3 d5
16.e5 d4 17.c4 bxc4 18.Bxc4 Na5 19.Bb2 Nxc4 20.dxc4 d3 21.Nd4 Bc5 22.Qxd3 Qd7
23.Rad1 Bxd4 24.Qxd4 Qc6 25.Rd2 g6 26.Ba3 Rfe8 27.Bd6 a5 28.c5 Kg8 29.Rb1 Ra6
30.a3 h5 31.Kg1 Kh7 32.Qd3 Kg8 33.Qb5 Qxb5 34.Rxb5 Bc6 35.Rb6 Rea8 36.Rdb2 Kh7
37.g3 a4 38.Kf2 Kh6 39.h4 Kh7 40.Ke3 Kg7 41.Kd4 f5 42.Rxa6 Rxa6 43.Rb6 Rxb6
44.cxb6 Kf7 45.Kc5 Bd5 46.Kb5 Bb7 47.Kxa4 Ke8 48.Kb5 Kd7 49.a4 Bc6+ 50.Ka6 Kc8
51.Ka7  1-0

[Event "Corporation Centre Cup"]
[Site "Izhevsk RUS"]
[Date "2010.07.15"]
[Round "1"]
[White "Khazieva,E"]
[Black "Poniaev,R"]
[Result "0-1"]
[WhiteElo "1895"]
[BlackElo "2277"]

1.e4 c5 2.Nf3 Nc6 3.Nc3 d6 4.d4 cxd4 5.Nxd4 Nf6 6.Be2 e5 7.Nb3 Be7 8.O-O O-O
9.Bg5 Nxe4 10.Nxe4 Bxg5 11.Qxd6 Be7 12.Qd3 Qxd3 13.Bxd3 Nb4 14.Rfd1 Rd8 15.f3 Nxd3
16.Rxd3 Rxd3 17.cxd3 Be6 18.Rc1 Rc8 19.Rxc8+ Bxc8 20.Kf2 f5 21.Nc3 Kf7 22.d4 exd4
23.Nxd4 Bc5 24.Ke3 b6 25.Na4 Bd6 26.h3 Bd7 27.Nc3 Kf6 28.Ndb5 Bb8 29.Kd4 Bc6
30.Na3 Be5+ 31.Kc4 a6 32.Nd5+ Kg5 33.b3 Bd6 34.Nc2 b5+ 35.Kd4 Kh4 36.Nce3 g6
37.Nf6 h6 38.Ng8 h5 39.g4 f4 40.Nd5 Kxh3 41.gxh5 gxh5 42.Ngf6 h4  0-1